Guinovart : obra gràfica : de la planxa al paper obra gràfica :
Publicado:
Barcelona :
Diputació de Barcelona. Àrea de Cultura : Thermalia, Museu de Caldes de Montbui : Centre d'Obra Gràfica Josep Guinovart ,
2010
Descripción Física:
47 p. : principalment il. col. ; 24 cm
Otros Autores:
Guinovart, Josep, 1927-2007
MARC
| LEADER | 00000nam a2200000Ia 4500 | ||
|---|---|---|---|
| 001 | 22971 | ||
| 008 | 160829s2010 xx 000 0 cat d | ||
| 080 | |a FU-59-5 | ||
| 245 | |a Guinovart : |b obra gràfica : |b de la planxa al paper | ||
| 260 | |a Barcelona : |b Diputació de Barcelona. Àrea de Cultura : |b Thermalia, Museu de Caldes de Montbui : |b Centre d'Obra Gràfica Josep Guinovart, |c 2010 | ||
| 300 | |a 47 p. : |b principalment il. col. ; |c 24 cm | ||
| 590 | |a Catàleg de l'exposició | ||
| 600 | 1 | 0 | |a Guinovart, Josep, |d 1927-2007 |v Exposicions |9 55769 |
| 700 | 1 | |a Guinovart, Josep, |d 1927-2007 |9 42256 | |
| 710 | 1 | |a Barcelona (Catalunya : Província). |b Àrea de Cultura |9 53536 | |
| 710 | |a Thermalia. |b Museu de Caldes de Montbui |9 54880 | ||
| 901 | |a Arxiu | ||
| 942 | |n 1 | ||
| 952 | |0 0 |1 0 |4 0 |6 FU595 |7 1 |9 50728 |a Arxiu |b Arxiu |d 2016-12-01 |l 0 |o FU-59-5 |p 22971 |r 2016-12-01 00:00:00 |w 2016-12-01 |y ARXIU | ||
| 999 | |c 54570 |d 54570 | ||